000 00474nam a2200193Ia 4500
003 IIN
005 20240205155841.0
008 231217s9999 xx 000 0 und d
020 _a9789386006318 (pbk)
040 _aIIN
_bEnglish
082 _a610.73
_bGAN
100 1 _aGanesh, P.
245 1 _aTextbook of Sociology for Nurses /
_cP. Ganesh
250 _a2nd ed
260 _aBangalore :
_bEMMESS,
_c2017
300 _aviii, 268p.
650 1 _aSociology
942 _cBOOK
999 _c1629
_d1629